[Event "D14"]
[Site "?"]
[Date "2020.08.25"]
[Round "2.6"]
[White "Arciszewska, Zuzanna"]
[Black "Zalewska, Malgorzata"]
[Result "0-1"]
[BlackElo "1267"]
[WhiteElo "1515"]
[LiveChessVersion "1.4.4"]

1. d4 {[%clk 0:15:19]} e6 {[%clk 0:15:19]} 2. c4 {[%clk 0:15:26]} Nf6
{[%clk 0:15:28]} 3. Nf3 {[%clk 0:15:34]} b6 {[%clk 0:15:36]} 4. Nc3
{[%clk 0:15:42]} Bb4 {[%clk 0:15:45]} 5. a3 {[%clk 0:15:30]} Bxc3+
{[%clk 0:15:52]} 6. bxc3 {[%clk 0:15:38]} Bb7 {[%clk 0:16:01]} 7. Bg5
{[%clk 0:15:43]} d6 {[%clk 0:16:02]} 8. e3 {[%clk 0:15:46]} Nbd7 {[%clk 0:16:08]}
9. Bd3 {[%clk 0:15:54]} h6 {[%clk 0:16:16]} 10. Bh4 {[%clk 0:16:02]} g5
{[%clk 0:15:39]} 11. Bg3 {[%clk 0:16:11]} Ne4 {[%clk 0:15:46]} 12. Qc2
{[%clk 0:16:08]} f5 {[%clk 0:15:49]} 13. Rg1 {[%clk 0:09:04]} Ndf6
{[%clk 0:13:23]} 14. Nd2 {[%clk 0:08:36]} Nxd2 {[%clk 0:11:55]} 15. Qxd2
{[%clk 0:08:44]} Ne4 {[%clk 0:12:01]} 16. Bxe4 {[%clk 0:08:44]} fxe4
{[%clk 0:11:52]} 17. Qe2 {[%clk 0:06:46]} Qf6 {[%clk 0:10:46]} 18. Rb1
{[%clk 0:06:14]} h5 {[%clk 0:10:08]} 19. h3 {[%clk 0:06:16]} h4 {[%clk 0:09:26]}
20. Bh2 {[%clk 0:06:25]} Rf8 {[%clk 0:09:35]} 21. c5 {[%clk 0:06:22]} e5
{[%clk 0:08:56]} 22. cxd6 {[%clk 0:06:14]} cxd6 {[%clk 0:08:15]} 23. Qb5+
{[%clk 0:06:21]} Ke7 {[%clk 0:08:15]} 24. Rf1 {[%clk 0:06:29]} exd4
{[%clk 0:07:16]} 25. cxd4 {[%clk 0:06:34]} d5 {[%clk 0:07:09]} 26. Be5
{[%clk 0:06:23]} Qf5 {[%clk 0:07:04]} 27. a4 {[%clk 0:04:45]} Rac8
{[%clk 0:06:21]} 28. Qb3 {[%clk 0:03:37]} Ba6 {[%clk 0:05:43]} 29. Kd2
{[%clk 0:03:10]} Bd3 {[%clk 0:04:07]} 30. Qb4+ {[%clk 0:02:27]} Kf7
{[%clk 0:03:53]} 31. Qd6 {[%clk 0:01:05]} Bxb1 {[%clk 0:02:53]} 32. Qxd5+
{[%clk 0:01:08]} Qe6 {[%clk 0:02:38]} 33. Qb7+ {[%clk 0:00:53]} Ke8
{[%clk 0:01:46]} 34. Rxb1 {[%clk 0:00:50]} Qa2+ {[%clk 0:01:39]} 35. Kd1
{[%clk 0:00:41]} Qxb1+ {[%clk 0:01:43]} 36. Ke2 {[%clk 0:00:50]} Rc2#
{[%clk 0:01:47]} 0-1

[Event "D14"]
[Site "?"]
[Date "2020.08.25"]
[Round "2.7"]
[White "Kokot, Agnieszka"]
[Black "Obrochta, Lena"]
[Result "0-1"]
[BlackElo "1504"]
[WhiteElo "1181"]
[LiveChessVersion "1.4.4"]

1. d4 {[%clk 0:15:18]} d5 {[%clk 0:15:19]} 2. Nf3 {[%clk 0:15:25]} Nf6
{[%clk 0:15:27]} 3. Bf4 {[%clk 0:15:26]} e6 {[%clk 0:15:26]} 4. e3
{[%clk 0:15:34]} c5 {[%clk 0:15:32]} 5. c3 {[%clk 0:15:41]} Nc6 {[%clk 0:15:40]}
6. Bd3 {[%clk 0:15:50]} Be7 {[%clk 0:15:47]} 7. Nbd2 {[%clk 0:15:58]} O-O
{[%clk 0:15:55]} 8. O-O {[%clk 0:16:05]} Nh5 {[%clk 0:15:23]} 9. Bg3
{[%clk 0:16:06]} Nxg3 {[%clk 0:15:31]} 10. hxg3 {[%clk 0:16:14]} Bf6
{[%clk 0:15:37]} 11. dxc5 {[%clk 0:16:19]} e5 {[%clk 0:15:02]} 12. e4
{[%clk 0:16:00]} Bg4 {[%clk 0:14:49]} 13. Qc2 {[%clk 0:16:03]} h6
{[%clk 0:14:40]} 14. exd5 {[%clk 0:14:32]} Qxd5 {[%clk 0:14:45]} 15. Ne4
{[%clk 0:14:33]} Be7 {[%clk 0:14:25]} 16. Rad1 Qe6 {[%clk 0:13:36]} 17. Nd6
{[%clk 0:13:45]} Kh8 {[%clk 0:12:26]} 18. Nxb7 {[%clk 0:11:30]} f5
{[%clk 0:12:19]} 19. Be2 {[%clk 0:10:43]} f4 {[%clk 0:07:17]} 20. gxf4
{[%clk 0:10:01]} Rxf4 {[%clk 0:07:16]} 21. Nd6 {[%clk 0:09:30]} Rd8
{[%clk 0:06:30]} 22. Nb5 {[%clk 0:08:02]} Bxc5 {[%clk 0:06:14]} 23. Rxd8+
{[%clk 0:07:26]} Nxd8 {[%clk 0:06:23]} 24. Rd1 {[%clk 0:07:23]} Nf7
{[%clk 0:06:30]} 25. Nc7 {[%clk 0:07:21]} Qc6 {[%clk 0:04:14]} 26. Nd5
{[%clk 0:07:18]} Bf5 {[%clk 0:03:17]} 27. Qb3 {[%clk 0:06:44]} Rg4
{[%clk 0:03:10]} 28. Qb8+ {[%clk 0:06:33]} Kh7 {[%clk 0:03:19]} 29. Nxe5
{[%clk 0:06:36]} Nxe5 {[%clk 0:01:42]} 30. Qxe5 {[%clk 0:06:13]} Rg5
{[%clk 0:01:51]} 31. Qc7 {[%clk 0:05:49]} Qxc7 {[%clk 0:00:56]} 32. Nxc7
{[%clk 0:05:57]} Be4 {[%clk 0:01:01]} 33. g3 {[%clk 0:02:58]} Rxg3+
{[%clk 0:01:03]} 34. Kf1 {[%clk 0:02:32]} Rh3 {[%clk 0:00:56]} 35. f3
{[%clk 0:01:35]} Bxf3 {[%clk 0:00:42]} 36. Bxf3 {[%clk 0:01:44]} Rxf3+
{[%clk 0:00:51]} 37. Ke1 {[%clk 0:01:42]} Rf7 {[%clk 0:00:43]} 38. Ne6
{[%clk 0:01:38]} Re7 {[%clk 0:00:52]} 39. Kf1 {[%clk 0:01:42]} Rxe6
{[%clk 0:01:01]} 40. b4 {[%clk 0:01:47]} Bb6 {[%clk 0:01:06]} 41. a4
{[%clk 0:01:56]} Re3 {[%clk 0:01:03]} 42. Rc1 {[%clk 0:02:03]} Rf3+
{[%clk 0:01:05]} 43. Ke2 {[%clk 0:02:12]} Rf2+ {[%clk 0:01:14]} 44. Kd3
{[%clk 0:02:22]} a5 {[%clk 0:01:20]} 45. bxa5 {[%clk 0:02:26]} Bxa5
{[%clk 0:01:28]} 46. c4 {[%clk 0:02:36]} Ra2 {[%clk 0:01:33]} 47. c5
{[%clk 0:02:44]} Rxa4 {[%clk 0:01:41]} 48. c6 {[%clk 0:02:53]} Bc7
{[%clk 0:01:50]} 49. Rb1 {[%clk 0:02:58]} Ra6 {[%clk 0:01:58]} 50. Rc1
{[%clk 0:03:04]} g5 {[%clk 0:01:58]} 0-1

[Event "D14"]
[Site "?"]
[Date "2020.08.25"]
[Round "3.1"]
[White "Giemza, Julia"]
[Black "Starosta, Martyna"]
[Result "0-1"]
[BlackElo "1800"]
[WhiteElo "1472"]
[LiveChessVersion "1.4.4"]

1. e4 {[%clk 0:15:19]} e5 {[%clk 0:15:19]} 2. Nc3 {[%clk 0:15:27]} Nf6
{[%clk 0:15:25]} 3. g3 {[%clk 0:15:35]} c6 {[%clk 0:15:24]} 4. Bg2
{[%clk 0:15:38]} d5 {[%clk 0:15:13]} 5. d3 {[%clk 0:15:36]} Bb4 {[%clk 0:15:04]}
6. Bd2 {[%clk 0:15:33]} O-O {[%clk 0:14:50]} 7. h3 {[%clk 0:15:25]} d4
{[%clk 0:13:41]} 8. Nce2 {[%clk 0:14:44]} Bxd2+ {[%clk 0:13:49]} 9. Qxd2
{[%clk 0:14:52]} c5 {[%clk 0:13:54]} 10. Nf3 {[%clk 0:14:49]} Nc6
{[%clk 0:13:58]} 11. O-O {[%clk 0:14:51]} Rb8 {[%clk 0:13:50]} 12. Nh2
{[%clk 0:14:31]} b5 {[%clk 0:12:59]} 13. f4 {[%clk 0:14:03]} Nd7 {[%clk 0:12:25]}
14. f5 {[%clk 0:13:55]} f6 {[%clk 0:12:21]} 15. a4 {[%clk 0:12:34]} bxa4
{[%clk 0:12:11]} 16. Rfb1 {[%clk 0:11:57]} Nb6 {[%clk 0:12:02]} 17. g4
{[%clk 0:11:15]} Bd7 {[%clk 0:11:32]} 18. Nf3 {[%clk 0:11:04]} Be8
{[%clk 0:11:17]} 19. h4 {[%clk 0:10:36]} Qe7 {[%clk 0:09:19]} 20. Kf2
{[%clk 0:09:05]} c4 {[%clk 0:08:57]} 21. g5 {[%clk 0:08:20]} Nb4 {[%clk 0:06:40]}
22. Rg1 {[%clk 0:06:47]} cxd3 {[%clk 0:05:45]} 23. cxd3 {[%clk 0:06:53]} Nd7
{[%clk 0:05:15]} 24. Rxa4 {[%clk 0:04:37]} Nxd3+ {[%clk 0:03:18]} 25. Qxd3
{[%clk 0:04:25]} Nc5 {[%clk 0:03:24]} 26. Qd1 {[%clk 0:04:21]} Bxa4
{[%clk 0:03:29]} 27. Qb1 {[%clk 0:04:11]} Rxb2 {[%clk 0:03:33]} 0-1

[Event "D14"]
[Site "?"]
[Date "2020.08.25"]
[Round "3.2"]
[White "Kucharska, Helena"]
[Black "Pawicka, Magdalena"]
[Result "0-1"]
[BlackElo "1610"]
[WhiteElo "1421"]
[LiveChessVersion "1.4.4"]

1. e4 {[%clk 0:15:18]} e5 {[%clk 0:15:19]} 2. Nf3 {[%clk 0:15:27]} Nc6
{[%clk 0:15:26]} 3. Bc4 {[%clk 0:15:35]} Bc5 {[%clk 0:15:33]} 4. c3
{[%clk 0:15:43]} Nf6 {[%clk 0:15:43]} 5. d3 {[%clk 0:15:50]} O-O {[%clk 0:15:49]}
6. b4 Bb6 {[%clk 0:15:11]} 7. a4 {[%clk 0:16:00]} a6 {[%clk 0:14:25]} 8. O-O
{[%clk 0:15:35]} d5 {[%clk 0:13:42]} 9. exd5 {[%clk 0:15:23]} Nxd5
{[%clk 0:13:50]} 10. Bb2 {[%clk 0:14:12]} Bg4 {[%clk 0:12:57]} 11. Nbd2
{[%clk 0:12:57]} Nf4 {[%clk 0:12:26]} 12. Qc2 {[%clk 0:11:39]} Qf6
{[%clk 0:10:33]} 13. Ne4 {[%clk 0:10:37]} Qg6 {[%clk 0:10:35]} 14. Ne1
{[%clk 0:06:06]} Be2 {[%clk 0:09:00]} 15. Ng3 {[%clk 0:04:25]} Bxf1
{[%clk 0:09:06]} 16. Kxf1 {[%clk 0:04:32]} Rad8 {[%clk 0:06:34]} 17. Bc1
{[%clk 0:03:59]} Kh8 {[%clk 0:06:21]} 18. Bxf4 {[%clk 0:02:51]} exf4
{[%clk 0:06:30]} 19. Ne2 {[%clk 0:02:57]} Qh6 {[%clk 0:06:18]} 20. Nf3
{[%clk 0:02:25]} Ne7 {[%clk 0:05:38]} 21. d4 {[%clk 0:02:05]} Ng6
{[%clk 0:05:07]} 22. h3 {[%clk 0:01:37]} Nh4 {[%clk 0:04:21]} 23. Nxh4
{[%clk 0:00:49]} Qxh4 {[%clk 0:04:31]} 24. Qf5 {[%clk 0:00:39]} Rd6
{[%clk 0:04:15]} 25. Qxf4 {[%clk 0:00:33]} Qxf4 {[%clk 0:04:23]} 26. Nxf4
{[%clk 0:00:42]} Rc6 {[%clk 0:04:32]} 27. Bd5 {[%clk 0:00:30]} Rxc3
{[%clk 0:04:30]} 28. Ne2 {[%clk 0:00:38]} Rd3 {[%clk 0:02:40]} 29. Be4
{[%clk 0:00:23]} Rb3 {[%clk 0:02:32]} 30. Bxb7 {[%clk 0:00:25]} Rxb4
{[%clk 0:02:32]} 31. Bxa6 {[%clk 0:00:32]} Bxd4 {[%clk 0:02:34]} 32. Nxd4
{[%clk 0:00:38]} Rxd4 {[%clk 0:02:41]} 33. Bb5 {[%clk 0:00:43]} c5
{[%clk 0:01:18]} 34. a5 {[%clk 0:00:22]} Ra8 {[%clk 0:01:10]} 35. a6
{[%clk 0:00:25]} Ra7 {[%clk 0:01:08]} 36. Rc1 {[%clk 0:00:33]} Rd5
{[%clk 0:00:51]} 37. Bc4 {[%clk 0:00:31]} Re5 {[%clk 0:00:49]} 38. Rb1
{[%clk 0:00:36]} Re8 {[%clk 0:00:39]} 39. Rb6 {[%clk 0:00:25]} Rc8
{[%clk 0:00:33]} 40. Ke2 {[%clk 0:00:24]} g6 {[%clk 0:00:38]} 41. Kd3
{[%clk 0:00:32]} Kg7 {[%clk 0:00:46]} 42. Rb7 {[%clk 0:00:26]} Rc7
{[%clk 0:00:27]} 43. Rb6 {[%clk 0:00:28]} Kf8 {[%clk 0:00:11]} 44. Ke4
{[%clk 0:00:24]} Ke7 {[%clk 0:00:20]} 45. Ke5 {[%clk 0:00:25]} Rd7
{[%clk 0:00:21]} 46. Bd5 {[%clk 0:00:17]} f6+ {[%clk 0:00:22]} 47. Ke4
{[%clk 0:00:15]} Rd6 {[%clk 0:00:11]} 48. Rb7+ {[%clk 0:00:20]} Rd7
{[%clk 0:00:21]} 49. Rb6 {[%clk 0:00:29]} Rd6 {[%clk 0:00:28]} 50. Rb7+
{[%clk 0:00:38]} Rxb7 {[%clk 0:00:21]} 51. axb7 {[%clk 0:00:47]} Rb6
{[%clk 0:00:28]} 52. Kd3 {[%clk 0:00:55]} Kd6 {[%clk 0:00:37]} 53. Bf3
{[%clk 0:01:03]} Rb4 {[%clk 0:00:42]} 54. Kc3 {[%clk 0:01:11]} Kc7
{[%clk 0:00:48]} 55. Kc2 {[%clk 0:00:52]} Rxb7 {[%clk 0:00:56]} 56. Bxb7
{[%clk 0:01:00]} Kxb7 {[%clk 0:01:05]} 57. Kc3 {[%clk 0:01:09]} Kc6
{[%clk 0:01:13]} 58. Kc4 {[%clk 0:01:18]} Kd6 {[%clk 0:01:21]} 59. Kd3
{[%clk 0:01:26]} Kd5 {[%clk 0:01:31]} 60. Kc3 {[%clk 0:01:35]} c4
{[%clk 0:01:39]} 61. Kd2 {[%clk 0:01:42]} Kd4 {[%clk 0:01:49]} 62. Kc2
{[%clk 0:01:51]} c3 {[%clk 0:01:47]} 63. Kc1 {[%clk 0:02:00]} Kd3
{[%clk 0:01:55]} 64. Kd1 {[%clk 0:02:09]} c2+ {[%clk 0:01:58]} 65. Kc1
{[%clk 0:02:17]} Ke2 {[%clk 0:02:07]} 66. Kxc2 {[%clk 0:02:26]} Kxf2
{[%clk 0:02:17]} 0-1

[Event "D14"]
[Site "?"]
[Date "2020.08.25"]
[Round "3.3"]
[White "Tokarz, Izabela"]
[Black "Mroz, Lena"]
[Result "1/2-1/2"]
[BlackElo "1459"]
[WhiteElo "1533"]
[LiveChessVersion "1.4.4"]

1. d4 {[%clk 0:15:19]} d5 {[%clk 0:15:18]} 2. c4 {[%clk 0:15:28]} e6
{[%clk 0:15:24]} 3. Nc3 {[%clk 0:15:37]} c6 {[%clk 0:15:31]} 4. Nf3
{[%clk 0:15:43]} dxc4 {[%clk 0:15:39]} 5. a4 {[%clk 0:15:48]} Bb4
{[%clk 0:15:46]} 6. e3 {[%clk 0:15:40]} b5 {[%clk 0:15:39]} 7. Bd2
{[%clk 0:15:16]} Bxc3 {[%clk 0:15:36]} 8. Bxc3 {[%clk 0:14:59]} a5
{[%clk 0:15:03]} 9. d5 {[%clk 0:14:02]} Nf6 {[%clk 0:13:44]} 10. dxc6
{[%clk 0:13:30]} Qxd1+ {[%clk 0:09:17]} 11. Rxd1 {[%clk 0:13:38]} Nxc6
{[%clk 0:09:20]} 12. axb5 {[%clk 0:13:43]} Ne7 {[%clk 0:09:04]} 13. Bxc4
{[%clk 0:13:37]} Ned5 {[%clk 0:07:46]} 14. O-O {[%clk 0:13:25]} Bb7
{[%clk 0:07:41]} 15. Nd4 {[%clk 0:12:03]} O-O {[%clk 0:07:13]} 16. Nc6
{[%clk 0:09:37]} Bxc6 {[%clk 0:06:11]} 17. bxc6 {[%clk 0:09:40]} Rfc8
{[%clk 0:06:20]} 18. Bxf6 {[%clk 0:08:40]} Nxf6 {[%clk 0:05:52]} 19. Be2
{[%clk 0:08:12]} Rab8 {[%clk 0:05:29]} 20. Bf3 {[%clk 0:08:11]} e5
{[%clk 0:05:04]} 21. g3 {[%clk 0:07:06]} e4 {[%clk 0:05:07]} 22. Bg2
{[%clk 0:07:12]} Rxc6 {[%clk 0:05:14]} 23. Ra1 {[%clk 0:06:57]} Rxb2
{[%clk 0:04:53]} 24. Rxa5 {[%clk 0:07:05]} h6 {[%clk 0:04:41]} 25. h3
{[%clk 0:06:47]} Rc4 {[%clk 0:04:27]} 26. g4 {[%clk 0:06:10]} g5 {[%clk 0:02:15]}
27. Rd1 {[%clk 0:05:10]} Rb6 {[%clk 0:01:48]} 28. Re5 {[%clk 0:03:55]} Kg7
{[%clk 0:01:37]} 29. Rd4 {[%clk 0:02:42]} Rxd4 {[%clk 0:01:20]} 30. exd4
{[%clk 0:02:50]} Rd6 {[%clk 0:01:29]} 31. Bxe4 {[%clk 0:02:55]} Rxd4
{[%clk 0:01:34]} 32. Bf5 {[%clk 0:02:54]} Kf8 {[%clk 0:01:15]} 33. Kg2
{[%clk 0:02:52]} Rb4 {[%clk 0:01:06]} 34. Kg3 {[%clk 0:02:10]} Rb3+
{[%clk 0:00:55]} 35. f3 {[%clk 0:02:17]} Rb4 {[%clk 0:01:02]} 36. h4
{[%clk 0:01:31]} gxh4+ {[%clk 0:01:02]} 37. Kxh4 {[%clk 0:01:33]} Rf4
{[%clk 0:00:52]} 38. Kg3 {[%clk 0:01:37]} Rb4 {[%clk 0:01:01]} 39. Be4
{[%clk 0:01:15]} Rd4 {[%clk 0:00:43]} 40. Kf4 {[%clk 0:00:43]} Nxe4
{[%clk 0:00:37]} 41. fxe4 {[%clk 0:00:52]} Rd6 {[%clk 0:00:44]} 42. Kf5
{[%clk 0:00:27]} Kg7 {[%clk 0:00:53]} 43. Kf4 {[%clk 0:00:27]} Rf6+
{[%clk 0:01:02]} 44. Kg3 {[%clk 0:00:36]} Kg6 {[%clk 0:01:07]} 45. Rc5
{[%clk 0:00:35]} Kg7 {[%clk 0:01:11]} 46. Kh4 {[%clk 0:00:29]} Re6
{[%clk 0:01:18]} 47. e5 {[%clk 0:00:33]} Kg6 {[%clk 0:01:24]} 48. Rd5
{[%clk 0:00:31]} f6 {[%clk 0:01:31]} 49. exf6 {[%clk 0:00:38]} Rxf6
{[%clk 0:01:39]} 50. Rc5 {[%clk 0:00:39]} Re6 {[%clk 0:01:48]} 51. Rd5
{[%clk 0:00:45]} 1/2-1/2

[Event "D14"]
[Site "?"]
[Date "2020.08.25"]
[Round "3.4"]
[White "Obrochta, Lena"]
[Black "Janikowska, Wiktoria"]
[Result "1-0"]
[BlackElo "1396"]
[WhiteElo "1504"]
[LiveChessVersion "1.4.4"]

1. e4 c5 2. Nf3 g6 3. d4 cxd4 4. Nxd4 Nc6 5. Nc3 Nf6 6. Be2 Bg7 7. Be3 d5 8. exd5
Nxd5 9. Nxd5 Qxd5 10. Bf3 Qa5+ 11. c3 Ne5 12. Be2 O-O 13. O-O Bd7 14. f4 Nc6 15.
Nf3 Rfd8 16. Qe1 Bf5 17. a3 Qc7 18. Qf2 Na5 19. Nd4 Be4 20. Nb5 Qc6 21. Nxa7 Qe6
22. Nb5 Nc4 23. Nc7 Qc6 24. Nxa8 Bxg2 25. Bxc4 Bxf1 26. Bxf1 Rxa8 27. Bg2 Qb5 28.
Rd1 Bf6 29. Rd5 Qb3 30. Rd7 Rb8 31. Ba7 Rc8 32. Bxb7 Re8 33. Bf3 Qa4 34. Rd2 Qxf4
35. Be3 Qc4 36. Qe2 Qc7 37. c4 Rc8 38. c5 Qe5 39. c6 Bg5 40. Bxg5 Qxg5+ 41. Kh1
Qc5 42. Rd1 e6 43. b4 Qa7 44. Qd3 Qc7 45. b5 h5 46. Qd4 e5 47. Qd7 Kg7 48. b6
Qxd7 49. cxd7 Rd8 1-0

[Event "D14"]
[Site "?"]
[Date "2020.08.25"]
[Round "3.5"]
[White "Zalewska, Malgorzata"]
[Black "Barwinska, Ewa"]
[Result "0-1"]
[BlackElo "1567"]
[WhiteElo "1267"]
[LiveChessVersion "1.4.4"]

1. e4 c5 2. Nf3 d6 3. d4 cxd4 4. Nxd4 Nf6 5. Nc3 a6 6. Be3 e5 7. Nf3 Qc7 8. h3 h6
9. Bd3 Be6 10. O-O Be7 11. Nd2 Nbd7 12. f4 exf4 13. Bxf4 Ne5 14. Kh1 O-O 15. Qe1
b5 16. a3 Rac8 17. Qg3 Nh5 18. Qe3 Nxf4 19. Qxf4 Bg5 20. Qf2 Qd7 21. Nf3 Bf6 22.
Qg3 Nxd3 23. cxd3 Bxc3 24. bxc3 Rxc3 25. Nd4 Rc5 26. h4 d5 27. Rf6 Qc8 28. Nxe6
fxe6 29. Rg6 Rc7 30. Qe3 dxe4 31. dxe4 e5 32. Qb3+ Kh8 33. Qb2 Qe8 34. Rxa6 Qh5
35. g3 Qf3+ 36. Qg2 Qe3 37. Rg1 Rcf7 38. Rd6 Rf2 39. Qh3 Qxe4+ 40. Rg2 Rxg2 41.
Qxg2 Qe1+ 42. Kh2 Rf2 43. Qxf2 Qxf2+ 44. Kh3 Qf5+ 45. Kg2 e4 46. Rd2 Qf3+ 47. Kg1
Qe3+ 48. Rf2 Qxg3+ 49. Kf1 e3 50. Rf8+ Kh7 51. Ke2 Qxh4 52. Kxe3 Qe7+ 0-1

[Event "D14"]
[Site "?"]
[Date "2020.08.25"]
[Round "3.6"]
[White "Zabrzanska, Weronika"]
[Black "Grzesik, Nikola"]
[Result "1-0"]
[BlackElo "1317"]
[WhiteElo "1654"]
[LiveChessVersion "1.4.4"]

1. e4 {[%clk 0:15:19]} c5 {[%clk 0:15:19]} 2. c3 {[%clk 0:15:27]} Nc6
{[%clk 0:15:27]} 3. d4 {[%clk 0:15:36]} cxd4 {[%clk 0:15:36]} 4. cxd4
{[%clk 0:15:45]} d6 {[%clk 0:15:42]} 5. Nc3 {[%clk 0:15:53]} g6 {[%clk 0:15:51]}
6. Nf3 {[%clk 0:16:02]} Bg7 {[%clk 0:16:00]} 7. Be3 {[%clk 0:16:11]} Nf6
{[%clk 0:15:34]} 8. h3 {[%clk 0:16:06]} O-O {[%clk 0:15:38]} 9. Be2
{[%clk 0:16:16]} b6 {[%clk 0:15:01]} 10. O-O {[%clk 0:16:22]} Bb7
{[%clk 0:15:10]} 11. Qd2 {[%clk 0:16:11]} Rc8 {[%clk 0:14:47]} 12. Rac1
{[%clk 0:16:13]} e6 {[%clk 0:14:06]} 13. Rfd1 {[%clk 0:16:11]} Ne7
{[%clk 0:13:35]} 14. Bd3 {[%clk 0:15:45]} a6 {[%clk 0:11:46]} 15. Bh6
{[%clk 0:15:24]} b5 {[%clk 0:11:39]} 16. b3 {[%clk 0:15:18]} Qb6 {[%clk 0:11:10]}
17. Bxg7 {[%clk 0:13:38]} Kxg7 {[%clk 0:11:18]} 18. Bb1 {[%clk 0:13:37]} Nd7
{[%clk 0:09:11]} 19. d5 {[%clk 0:12:58]} exd5 {[%clk 0:07:23]} 20. Nxd5
{[%clk 0:11:57]} Bxd5 {[%clk 0:06:30]} 21. exd5 {[%clk 0:11:50]} Rxc1
{[%clk 0:06:13]} 22. Rxc1 {[%clk 0:11:54]} Rc8 {[%clk 0:03:16]} 23. Rxc8
{[%clk 0:11:55]} Nxc8 {[%clk 0:03:25]} 24. Qc3+ {[%clk 0:11:59]} 1-0

[Event "D14"]
[Site "?"]
[Date "2020.08.25"]
[Round "3.7"]
[White "Siekanska, Maria"]
[Black "Lajdamik, Anna"]
[Result "1-0"]
[BlackElo "1371"]
[WhiteElo "1609"]
[LiveChessVersion "1.4.4"]

1. d4 {[%clk 0:15:18]} d5 {[%clk 0:15:19]} 2. c4 {[%clk 0:15:26]} Bf5
{[%clk 0:15:27]} 3. cxd5 {[%clk 0:15:22]} Bxb1 {[%clk 0:15:35]} 4. Rxb1
{[%clk 0:15:29]} Qxd5 {[%clk 0:15:41]} 5. Nf3 {[%clk 0:15:14]} Nc6
{[%clk 0:15:46]} 6. e3 {[%clk 0:15:10]} Nf6 {[%clk 0:15:53]} 7. Bd3
{[%clk 0:15:13]} e6 {[%clk 0:15:52]} 8. O-O {[%clk 0:15:18]} Be7 {[%clk 0:15:59]}
9. a3 {[%clk 0:15:10]} O-O {[%clk 0:16:05]} 10. Qc2 {[%clk 0:15:10]} Rad8
{[%clk 0:15:51]} 11. Rd1 {[%clk 0:14:31]} Kh8 {[%clk 0:15:45]} 12. b4
{[%clk 0:13:07]} e5 {[%clk 0:15:45]} 13. e4 {[%clk 0:13:05]} Qd7 {[%clk 0:15:10]}
14. dxe5 {[%clk 0:13:01]} Nxe4 {[%clk 0:14:59]} 15. Be3 {[%clk 0:12:28]} f5
{[%clk 0:14:16]} 16. Bxe4 {[%clk 0:12:18]} Qe8 {[%clk 0:14:12]} 17. Bxc6
{[%clk 0:12:23]} bxc6 {[%clk 0:14:20]} 18. Rxd8 {[%clk 0:12:27]} Qxd8
{[%clk 0:14:23]} 19. Rd1 {[%clk 0:12:31]} Qe8 {[%clk 0:14:31]} 20. Bc5
{[%clk 0:12:17]} Bxc5 {[%clk 0:14:30]} 21. Qxc5 {[%clk 0:12:24]} g6
{[%clk 0:14:25]} 22. Nd4 {[%clk 0:11:55]} Kg7 {[%clk 0:14:17]} 23. Qxc6
{[%clk 0:11:54]} Qxc6 {[%clk 0:14:15]} 24. Nxc6 {[%clk 0:12:02]} Re8
{[%clk 0:14:19]} 25. Rd7+ {[%clk 0:12:08]} Kf8 {[%clk 0:14:22]} 26. Rxh7
{[%clk 0:11:50]} Re6 {[%clk 0:14:12]} 27. b5 {[%clk 0:11:56]} a6 {[%clk 0:14:10]}
28. a4 {[%clk 0:11:56]} axb5 {[%clk 0:14:15]} 29. axb5 {[%clk 0:12:02]} g5
{[%clk 0:14:15]} 30. Rxc7 {[%clk 0:12:02]} f4 {[%clk 0:14:19]} 31. b6
{[%clk 0:12:06]} 1-0

[Event "D14"]
[Site "?"]
[Date "2020.08.25"]
[Round "4.1"]
[White "Starosta, Martyna"]
[Black "Obrochta, Lena"]
[Result "1-0"]
[BlackElo "1504"]
[WhiteElo "1800"]
[LiveChessVersion "1.4.4"]

1. e4 {[%clk 0:15:17]} c5 {[%clk 0:15:18]} 2. Nf3 {[%clk 0:15:26]} e6
{[%clk 0:15:26]} 3. g3 {[%clk 0:15:32]} b6 {[%clk 0:15:17]} 4. Bg2
{[%clk 0:15:05]} Bb7 {[%clk 0:15:26]} 5. Nc3 {[%clk 0:15:00]} d5 {[%clk 0:15:16]}
6. exd5 {[%clk 0:14:57]} exd5 {[%clk 0:15:24]} 7. d4 {[%clk 0:14:57]} Be7
{[%clk 0:15:27]} 8. O-O {[%clk 0:14:40]} Nf6 {[%clk 0:15:33]} 9. Bf4
{[%clk 0:12:49]} O-O {[%clk 0:15:02]} 10. a4 {[%clk 0:12:40]} Nc6
{[%clk 0:13:47]} 11. Re1 {[%clk 0:12:33]} Nb4 {[%clk 0:11:36]} 12. Nb5
{[%clk 0:11:22]} a6 {[%clk 0:11:23]} 13. Na3 {[%clk 0:11:19]} Ne4
{[%clk 0:10:50]} 14. c3 {[%clk 0:11:21]} Nc6 {[%clk 0:10:44]} 15. Nc2
{[%clk 0:11:13]} c4 {[%clk 0:09:57]} 16. Nd2 {[%clk 0:11:00]} Nxd2
{[%clk 0:09:09]} 17. Qxd2 {[%clk 0:10:31]} Bf6 {[%clk 0:06:50]} 18. Ne3
{[%clk 0:10:03]} Na5 {[%clk 0:06:35]} 19. Qe2 {[%clk 0:09:29]} Qd7
{[%clk 0:06:12]} 20. Ng4 {[%clk 0:07:25]} Qc6 {[%clk 0:03:45]} 21. Qf3
{[%clk 0:06:12]} Rfe8 {[%clk 0:02:47]} 22. h4 {[%clk 0:04:59]} Rxe1+
{[%clk 0:01:29]} 23. Rxe1 {[%clk 0:05:06]} Re8 {[%clk 0:01:38]} 24. Nxf6+
{[%clk 0:04:07]} gxf6 {[%clk 0:01:46]} 25. Rxe8+ {[%clk 0:03:49]} Qxe8
{[%clk 0:01:53]} 26. Bh6 {[%clk 0:03:29]} Qe6 {[%clk 0:01:10]} 27. Bh3
{[%clk 0:01:42]} f5 {[%clk 0:01:11]} 28. Qf4 {[%clk 0:01:44]} f6 {[%clk 0:00:56]}
29. Bxf5 {[%clk 0:01:29]} Qe7 {[%clk 0:00:37]} 30. Qg4+ {[%clk 0:01:02]} Kh8
{[%clk 0:00:35]} 31. Be6 {[%clk 0:01:04]} 1-0

[Event "D14"]
[Site "?"]
[Date "2020.08.25"]
[Round "4.2"]
[White "Pawicka, Magdalena"]
[Black "Zabrzanska, Weronika"]
[Result "0-1"]
[BlackElo "1654"]
[WhiteElo "1610"]
[LiveChessVersion "1.4.4"]

1. e4 {[%clk 0:15:18]} e5 {[%clk 0:15:20]} 2. Nf3 {[%clk 0:15:28]} Nc6
{[%clk 0:15:29]} 3. d4 {[%clk 0:15:37]} exd4 4. Nxd4 Bc5 {[%clk 0:15:47]} 5. Nb3
{[%clk 0:15:56]} Bb4+ {[%clk 0:15:56]} 6. c3 {[%clk 0:16:02]} Be7
{[%clk 0:16:04]} 7. f4 {[%clk 0:16:07]} d6 {[%clk 0:16:13]} 8. N1d2
{[%clk 0:16:14]} Nf6 {[%clk 0:16:18]} 9. Be2 {[%clk 0:16:04]} O-O
{[%clk 0:16:20]} 10. O-O {[%clk 0:16:11]} Re8 {[%clk 0:16:21]} 11. Nd4
{[%clk 0:14:44]} Bd7 {[%clk 0:15:13]} 12. Qc2 {[%clk 0:13:12]} Bf8
{[%clk 0:14:47]} 13. Bd3 {[%clk 0:12:49]} h6 {[%clk 0:14:30]} 14. N2f3
{[%clk 0:12:24]} Rc8 {[%clk 0:13:25]} 15. Re1 {[%clk 0:11:08]} Nxd4
{[%clk 0:12:40]} 16. cxd4 {[%clk 0:11:15]} c5 {[%clk 0:12:14]} 17. d5
{[%clk 0:10:32]} c4 {[%clk 0:11:32]} 18. Bf1 {[%clk 0:10:19]} Bg4
{[%clk 0:11:34]} 19. Bd2 {[%clk 0:09:22]} b5 {[%clk 0:09:46]} 20. Bc3
{[%clk 0:08:41]} Bxf3 {[%clk 0:08:37]} 21. gxf3 {[%clk 0:08:49]} Nh5
{[%clk 0:08:28]} 22. Bd2 {[%clk 0:06:19]} Be7 {[%clk 0:07:35]} 23. Bh3
{[%clk 0:05:59]} Rb8 {[%clk 0:07:11]} 24. Bg4 {[%clk 0:05:47]} Nf6
{[%clk 0:07:03]} 25. Bh3 {[%clk 0:05:22]} Nh5 {[%clk 0:07:08]} 26. Rad1
{[%clk 0:04:31]} Bh4 {[%clk 0:06:25]} 27. Re2 {[%clk 0:04:27]} Qf6
{[%clk 0:04:10]} 28. Qc1 {[%clk 0:02:55]} g6 {[%clk 0:03:13]} 29. Bg4
{[%clk 0:02:37]} Ng7 {[%clk 0:01:49]} 30. Bc3 {[%clk 0:01:42]} Qd8
{[%clk 0:01:48]} 31. Bxg7 {[%clk 0:01:16]} Kxg7 {[%clk 0:01:56]} 32. Qc3+
{[%clk 0:00:59]} Qf6 {[%clk 0:01:17]} 33. Qxf6+ {[%clk 0:00:32]} Bxf6
{[%clk 0:01:16]} 0-1